000 00509nam a22001697a 4500
005 20160523143856.0
010 _a1516EN07
020 _c595.00
_a9788121924504
037 _adpl
_bPency/Ven
100 _aMehta, P.K.
245 _aPrinciples of Electronics:
_bfor B.E,/B.Tec & other Engineering exam/
_cby V.K.Mehta and Rohit Mehta
260 _aNew Delhi
_bS.Chand
_c2015
270 _a7361.Ram Nagar
_bDelhi
_e110002
300 _a778 p
_c27cm(pbk)
942 _2ddc
_cEN
999 _c96559
_d96559